000 00635nam a2200229Ia 4500
003 OSt
005 20220923213528.0
006 a|||||r|||| 00| 0
007 ta
008 220922b |||||||| |||| 00| 0 hin d
024 _a162,597
037 _cTextual
040 _aARTS
_cARTS
_bhin
041 _2hin
_ahin
082 _aO152:3M80:9, L5
100 _aनूरजहां
_9156280
245 0 _aकहानीकार प्रेमचन्द्र
246 _aKahānīkār premachandra
260 _c1975
942 _hO152:3M80:9, L5
_cTEXL
_2CC
999 _c317077
_d317077